[Event "London (ENG)-Sofia (BUL)"]
[Site "Hamburg"]
[Date "2009.06.06"]
[Round "5.3"]
[White "Dobrev, Alexander"]
[Black "Gardner, Phillip"]
[Result "1/2-1/2"]
[WhiteElo "1900"]
[BlackElo "1900"]
[PlyCount "43"]
[EventDate "2009.??.??"]
[WhiteTeam "Sofia (BUL)"]
[BlackTeam "London (ENG)"]

1. e4 c5 2. Nf3 d6 3. Nc3 a6 4. d4 cxd4 5. Nxd4 Nf6 6. Bc4 e6 7. O-O b5 8. Bd3
Be7 9. Be3 O-O 10. f4 Qc7 11. a3 Nbd7 12. Nce2 Nc5 13. Ng3 Bb7 14. Qf3 Rac8 15.
b4 Nxd3 16. cxd3 Qd7 17. Qe2 Ba8 18. Rac1 Rxc1 19. Rxc1 Rc8 20. Rxc8+ Qxc8 21.
Qc2 Qd7 22. h3 1/2-1/2

[Event "London (ENG)-Sofia (BUL)"]
[Site "Hamburg"]
[Date "2009.06.06"]
[Round "5.4"]
[White "Dwek, Ilan"]
[Black "Ivanov, Svetoslav"]
[Result "1/2-1/2"]
[WhiteElo "1900"]
[BlackElo "1900"]
[PlyCount "43"]
[EventDate "2009.??.??"]
[WhiteTeam "London (ENG)"]
[BlackTeam "Sofia (BUL)"]

1. e4 c5 2. Nf3 Nc6 3. d4 cxd4 4. Nxd4 e5 5. Nb5 d6 6. N1c3 a6 7. Na3 Nf6 8.
Bg5 b5 9. Bxf6 gxf6 10. Nd5 Be6 11. c4 Bh6 12. Bd3 Bxd5 13. cxd5 Qa5+ 14. Kf1
Nd4 15. Nc2 Nxc2 16. Qxc2 O-O 17. g3 Rfc8 18. Qe2 Rc7 19. Kg2 Rac8 20. a3 Qd2
21. Qxd2 Bxd2 22. a4 1/2-1/2

[Event "Prague (CZE)-Hlohovec (SVK)"]
[Site "Hamburg"]
[Date "2009.06.06"]
[Round "5.1"]
[White "Frajka, Peter"]
[Black "Cisar, Jiri"]
[Result "1-0"]
[WhiteElo "1866"]
[BlackElo "1900"]
[PlyCount "87"]
[EventDate "2009.??.??"]
[WhiteTeam "Hlohovec (SVK)"]
[BlackTeam "Prag (CZE)"]

1. d4 Nf6 2. c4 g6 3. Nc3 Bg7 4. e4 d6 5. f3 O-O 6. Be3 e5 7. d5 Nbd7 8. Qd2
Ne8 9. Bd3 h5 10. O-O-O Nb6 11. Nge2 Bd7 12. h3 Kh7 13. g4 Rg8 14. gxh5 gxh5
15. Rdg1 Qf6 16. f4 Bh6 17. Rxg8 Kxg8 18. fxe5 Bxe3 19. Qxe3 dxe5 20. Rg1+ Kf8
21. Rg5 Ng7 22. c5 Na4 23. Nd1 Bxh3 24. b3 Qh6 25. bxa4 f6 26. Rg3 Qxe3+ 27.
Nxe3 Bd7 28. Nc3 a6 29. Be2 Kf7 30. Bf1 Rh8 31. Bh3 Be8 32. Nf5 Nxf5 33. Bxf5
h4 34. Rh3 Kg7 35. Kd2 Bg6 36. Bxg6 Kxg6 37. Ke3 Kg5 38. Kf3 Rd8 39. a5 c6 40.
d6 Rd7 41. Nd1 Rf7 42. Ne3 Rf8 43. Nf5 Rh8 44. Rxh4 1-0

[Event "Prague (CZE)-Hlohovec (SVK)"]
[Site "Hamburg"]
[Date "2009.06.06"]
[Round "5.2"]
[White "Schmid, Jaroslav"]
[Black "Sturc, Miloslav"]
[Result "1-0"]
[WhiteElo "2056"]
[BlackElo "1900"]
[PlyCount "75"]
[EventDate "2009.??.??"]
[WhiteTeam "Prag (CZE)"]
[BlackTeam "Hlohovec (SVK)"]

1. c4 e6 2. g3 c6 3. Bg2 Nf6 4. Nc3 d5 5. cxd5 Nxd5 6. Nf3 Nxc3 7. bxc3 g6 8.
O-O Bg7 9. Ba3 Nd7 10. d4 Bf8 11. Bb2 Qa5 12. a4 Be7 13. e4 e5 14. Qe2 O-O 15.
Rfd1 Bf6 16. Qe3 Qb6 17. Ba3 Re8 18. Qd3 Qa6 19. Qc2 Qb6 20. d5 c5 21. Nd2 Qd8
22. Bf1 a6 23. Rab1 b6 24. Rb3 Rb8 25. Rdb1 Qc7 26. Nc4 Qa7 27. Bc1 Bd8 28. Nd6
Re7 29. Bg5 f6 30. Be3 Qc7 31. Nxc8 Qxc8 32. Bc4 Kh8 33. Qd3 Nf8 34. Bxa6 Qc7
35. d6 Qa7 36. dxe7 Bxe7 37. Bb5 Rd8 38. Qc4 1-0

[Event "Prague (CZE)-Hlohovec (SVK)"]
[Site "Hamburg"]
[Date "2009.06.06"]
[Round "5.3"]
[White "Jaros, Jozef"]
[Black "Petran, Tomas"]
[Result "0-1"]
[WhiteElo "1900"]
[BlackElo "1900"]
[PlyCount "64"]
[EventDate "2009.??.??"]
[WhiteTeam "Hlohovec (SVK)"]
[BlackTeam "Prag (CZE)"]

1. d4 Nf6 2. Nf3 b6 3. g3 Bb7 4. Bg2 d5 5. c4 e6 6. Qc2 dxc4 7. Qxc4 c5 8. O-O
Nbd7 9. Nc3 cxd4 10. Qxd4 Bc5 11. Qd3 O-O 12. Bg5 Qc7 13. Nb5 Qc6 14. Nh4 Qc8
15. Nd6 Bxd6 16. Qxd6 Bxg2 17. Kxg2 Qb7+ 18. f3 h6 19. Bxf6 Nxf6 20. Kf2 Rfd8
21. Qa3 Rd4 22. Rfd1 Rad8 23. Rxd4 Rxd4 24. Ng2 Qd7 25. Ne3 e5 26. Kg2 Rd2 27.
Kf2 e4 28. Qb3 exf3 29. Kxf3 Qc6+ 30. Kf2 Ne4+ 31. Kg1 Rxe2 32. Rf1 Ng5 0-1

[Event "Prague (CZE)-Hlohovec (SVK)"]
[Site "Hamburg"]
[Date "2009.06.06"]
[Round "5.4"]
[White "Ryvova, Anna"]
[Black "Lancaric, Vladimir"]
[Result "1-0"]
[WhiteElo "1994"]
[BlackElo "1900"]
[PlyCount "120"]
[EventDate "2009.??.??"]
[WhiteTeam "Prag (CZE)"]
[BlackTeam "Hlohovec (SVK)"]

1. e4 e6 2. d4 d6 3. Nc3 g6 4. f4 Nd7 5. Nf3 Bg7 6. Be2 Ne7 7. O-O O-O 8. Be3
b6 9. Qe1 f5 10. Bc4 Nf6 11. e5 Nfd5 12. exd6 cxd6 13. Bd2 Qc7 14. Bb3 a6 15.
h4 Rf6 16. Ne2 b5 17. a4 Bb7 18. Ng3 h5 19. Ng5 Qd7 20. Qe2 Nc7 21. Rfe1 Ned5
22. axb5 axb5 23. Rxa8+ Bxa8 24. Ra1 Qc6 25. c4 bxc4 26. Bxc4 Bb7 27. Nf3 Rf8
28. Kh2 Kf7 29. Rc1 Qb6 30. Re1 Re8 31. Ng5+ Kg8 32. Nxh5 Bxd4 33. Ng3 Bf6 34.
h5 Kg7 35. hxg6 Bxg5 36. fxg5 Rh8+ 37. Nh5+ Kxg6 38. g4 Qd4 39. Kg3 Qxg4+ 40.
Qxg4 fxg4 41. Nf4+ Nxf4 42. Kxf4 Bf3 43. Bxe6 Rf8+ 44. Kg3 Rb8 45. Bc4 d5 46.
Bd3+ Kf7 47. g6+ Kg8 48. Bc3 Re8 49. Rxe8+ Nxe8 50. Bd4 Ng7 51. b4 Ne6 52. Be5
Kf8 53. Bf5 Ng7 54. Bd3 Nh5+ 55. Kf2 Bh1 56. b5 g3+ 57. Bxg3 Nxg3 58. Kxg3 Kg7
59. Kf4 Kf6 60. Ke3 d4+ 1-0

[Event "Helsingborg (SWE)-St. Gallen (SUI)"]
[Site "Hamburg"]
[Date "2009.06.06"]
[Round "5.2"]
[White "Korenkiewicz, Jaroslav"]
[Black "Wagner, Peter"]
[Result "1-0"]
[WhiteElo "1900"]
[BlackElo "1900"]
[PlyCount "225"]
[EventDate "2009.??.??"]
[WhiteTeam "Helsingborg (SWE)"]
[BlackTeam "St. Gallen (SUI)"]

1. e4 e5 2. Nf3 Nc6 3. h3 Bc5 4. a3 d6 5. b4 Bb6 6. Bb5 Bd7 7. Nc3 a6 8. Bc4
Nf6 9. d3 O-O 10. Bg5 Be6 11. Nd5 Bxd5 12. Bxd5 Rb8 13. Bxc6 bxc6 14. O-O c5
15. c4 cxb4 16. axb4 Ra8 17. Nh2 Qe7 18. Qf3 h6 19. Bxf6 Qxf6 20. Qxf6 gxf6 21.
Ra2 Ra7 22. Rfa1 Rfa8 23. Nf3 Kh7 24. Nh4 Bd4 25. Rb1 c6 26. Nf5 Rd7 27. Nxd4
exd4 28. f4 h5 29. Rba1 Rda7 30. f5 Kh6 31. h4 Kg7 32. Kf2 Kh7 33. Kf3 Kg7 34.
Ra5 Kh7 35. R1a3 Kg7 36. b5 cxb5 37. cxb5 Rb7 38. bxa6 Rb1 39. Rd5 Rb6 40. a7
Rb7 41. Rxd6 Rbxa7 42. Rxa7 Rxa7 43. Rxd4 Kf8 44. Rd8+ Kg7 45. d4 Ra3+ 46. Kf4
Ra2 47. g3 Rf2+ 48. Ke3 Rg2 49. Kf3 Rd2 50. d5 Rd3+ 51. Kf4 Rd1 52. d6 Rd2 53.
d7 Rd1 54. Ke3 Rd6 55. Kf4 Rd4 56. Kf3 Rd3+ 57. Ke2 Rd4 58. Ke3 Rd1 59. Kf2
Rd2+ 60. Ke1 Rd4 61. Kf2 Rd2+ 62. Kf3 Rd3+ 63. Kf4 Rd4 64. Rc8 Rxd7 65. Rc3 Rd4
66. Re3 Rd1 67. Kf3 Rc1 68. Ke2 Rc2+ 69. Kd3 Rc1 70. Kd4 Rd1+ 71. Rd3 Re1 72.
Kd5 Re2 73. Kd4 Re1 74. Rf3 Rd1+ 75. Ke3 Rd7 76. g4 hxg4 77. Rg3 Rb7 78. Rxg4+
Kh7 79. Kd4 Rd7+ 80. Ke3 Re7 81. Rg2 Kh6 82. Kf4 Kh7 83. Rd2 Kh6 84. Rd6 Kg7
85. h5 Ra7 86. h6+ Kxh6 87. Rxf6+ Kg7 88. Rd6 Ra1 89. Rd7 Rf1+ 90. Ke5 Rf2 91.
Rd6 Ra2 92. Rd7 Ra5+ 93. Kf4 Ra4 94. Rd6 Rb4 95. Rd7 Ra4 96. Ke5 Ra5+ 97. Rd5
Ra1 98. Kd6 Ra6+ 99. Ke7 Ra7+ 100. Kd6 Ra6+ 101. Kc5 Ra1 102. e5 Rf1 103. f6+
Kg6 104. Kd6 Ra1 105. Ke7 Ra7+ 106. Rd7 Ra6 107. Rd6 Ra7+ 108. Kd8 Ra8+ 109.
Kc7 Re8 110. Rd5 Kf5 111. Kd7 Rxe5 112. Rxe5+ Kxe5 113. Ke7 1-0

[Event "Helsingborg (SWE)-St. Gallen (SUI)"]
[Site "Hamburg"]
[Date "2009.06.06"]
[Round "5.3"]
[White "Bolliger, Bruno"]
[Black "Claesson, Mats"]
[Result "1/2-1/2"]
[WhiteElo "1900"]
[BlackElo "1900"]
[PlyCount "74"]
[EventDate "2009.??.??"]
[WhiteTeam "St. Gallen (SUI)"]
[BlackTeam "Helsingborg (SWE)"]

1. d4 d5 2. Nf3 Nf6 3. c4 e6 4. Nc3 Be7 5. e3 O-O 6. Bd3 c5 7. dxc5 Bxc5 8. Qc2
h6 9. O-O dxc4 10. Bxc4 Nc6 11. a3 a6 12. b3 Qe7 13. Bb2 b5 14. Be2 Bb7 15.
Rfd1 Rfd8 16. b4 Bb6 17. Rxd8+ Rxd8 18. Rd1 Rd7 19. Rxd7 Qxd7 20. h3 Bc7 21.
Nb1 e5 22. Nh2 Qd6 23. g3 Qe6 24. Nc3 Qxh3 25. Bf3 Nd4 26. exd4 Bxf3 27. Nxf3
exd4 28. Nxd4 Bxg3 29. fxg3 Qxg3+ 30. Qg2 Qe1+ 31. Kh2 Qh4+ 32. Qh3 Qf2+ 33.
Qg2 Qxd4 34. Nxb5 Qh4+ 35. Kg1 Qe1+ 36. Kh2 Qh4+ 37. Kg1 Qe1+ 1/2-1/2

[Event "Otwock (POL)-Zagreb (CRO)"]
[Site "Hamburg"]
[Date "2009.06.07"]
[Round "6.1"]
[White "Bozinovic, Bogdan"]
[Black "Checiak, Krysztof"]
[Result "1/2-1/2"]
[WhiteElo "2323"]
[BlackElo "2111"]
[PlyCount "37"]
[EventDate "2009.??.??"]
[WhiteTeam "Zagreb (CRO)"]
[BlackTeam "Otwock (POL)"]

1. d4 d5 2. c4 c6 3. Nf3 Nf6 4. Nc3 e6 5. Bg5 Nbd7 6. e3 Qa5 7. Nd2 Bb4 8. Qc2
dxc4 9. Bxf6 Nxf6 10. Nxc4 Qd8 11. a3 Be7 12. g3 O-O 13. Bg2 c5 14. dxc5 Bxc5
15. b4 Be7 16. O-O Qc7 17. Nb5 Qb8 18. Rfd1 Bd7 19. Nd4 1/2-1/2

[Event "Otwock (POL)-Zagreb (CRO)"]
[Site "Hamburg"]
[Date "2009.06.07"]
[Round "6.2"]
[White "Strzelecki, Jerzy"]
[Black "Klasan, Vladimir"]
[Result "0-1"]
[WhiteElo "2180"]
[BlackElo "2282"]
[PlyCount "88"]
[EventDate "2009.??.??"]
[WhiteTeam "Otwock (POL)"]
[BlackTeam "Zagreb (CRO)"]

1. Nf3 Nf6 2. c4 c5 3. Nc3 d5 4. cxd5 Nxd5 5. d4 cxd4 6. Qxd4 Nxc3 7. Qxc3 Nc6
8. e4 e6 9. Bb5 Bd7 10. O-O Qb6 11. a4 Qc5 12. Qd3 Qd6 13. Qe2 Qc7 14. Bxc6
Bxc6 15. Nd4 Bd6 16. Nxc6 Qxc6 17. Bd2 O-O 18. Rfc1 Qd7 19. Bc3 Rfd8 20. h3
Rac8 21. Rd1 Qc7 22. Rd2 Bh2+ 23. Kf1 Rxd2 24. Qxd2 Rd8 25. Qe2 Be5 26. Bxe5
Qxe5 27. Rd1 Rxd1+ 28. Qxd1 h5 29. Qc2 Qd4 30. f3 Kh7 31. b3 e5 32. Ke2 Qg1 33.
Kd3 a5 34. Qd2 f6 35. Kc2 h4 36. Kb2 Kg6 37. Kc2 Qa1 38. Qxa5 Qa2+ 39. Kc1 Qxg2
40. Qb5 Qxh3 41. Qxb7 Qf1+ 42. Kb2 Qg2+ 43. Ka3 h3 44. f4 h2 0-1

[Event "Otwock (POL)-Zagreb (CRO)"]
[Site "Hamburg"]
[Date "2009.06.07"]
[Round "6.3"]
[White "Vujcic, Toni"]
[Black "Chojnowski, Marcin"]
[Result "0-1"]
[WhiteElo "2141"]
[BlackElo "2130"]
[PlyCount "98"]
[EventDate "2009.??.??"]
[WhiteTeam "Zagreb (CRO)"]
[BlackTeam "Otwock (POL)"]

1. Nf3 Nf6 2. b3 d5 3. Bb2 g6 4. e3 Bg7 5. d4 O-O 6. Bd3 c5 7. Nbd2 Nbd7 8. O-O
b6 9. c4 e6 10. Qe2 Bb7 11. Rfd1 Ne4 12. cxd5 exd5 13. Bxe4 dxe4 14. Ne5 Nxe5
15. dxe5 Qe7 16. Nc4 Ba6 17. Qc2 Bxc4 18. bxc4 Bxe5 19. Rd5 Bxb2 20. Qxb2 Rad8
21. Rad1 Rxd5 22. cxd5 Rd8 23. Qb5 Rd6 24. a4 Qe5 25. Qc4 a5 26. h3 Kg7 27. Qb3
f5 28. Qc4 Qb2 29. Qa6 Qb3 30. Qb7+ Kh6 31. Rd2 Qxa4 32. Qa8 Qd7 33. Qf8+ Kh5
34. Qh8 Qe7 35. Qc8 Kh6 36. h4 Qd8 37. Qb7 Qxh4 38. g3 Qd8 39. f4 Qd7 40. Qa8
Kg7 41. Kg2 a4 42. Kh3 b5 43. Qa5 c4 44. Qc3+ Kg8 45. Qa5 Qb7 46. Kh4 Rxd5 47.
Rxd5 Qxd5 48. Kg5 Qd7 49. Qb4 Qd8+ 0-1

[Event "Otwock (POL)-Zagreb (CRO)"]
[Site "Hamburg"]
[Date "2009.06.07"]
[Round "6.4"]
[White "Marczukiewicz, Jerzy"]
[Black "Svec, Darko"]
[Result "1/2-1/2"]
[WhiteElo "2001"]
[BlackElo "1968"]
[PlyCount "24"]
[EventDate "2009.??.??"]
[WhiteTeam "Otwock (POL)"]
[BlackTeam "Zagreb (CRO)"]

1. d4 Nf6 2. Nf3 g6 3. c4 Bg7 4. Nc3 d5 5. e3 O-O 6. b4 b6 7. Bb2 Bb7 8. Qb3 e6
9. Rb1 dxc4 10. Bxc4 Bxf3 11. gxf3 Nbd7 12. Ne2 c5 1/2-1/2

[Event "Kiew (UKR)-Hamburg (GER II)"]
[Site "Hamburg"]
[Date "2009.06.07"]
[Round "6.1"]
[White "Salov, Sergey"]
[Black "Baklanova, Tetiana"]
[Result "1/2-1/2"]
[WhiteElo "2271"]
[BlackElo "2239"]
[PlyCount "27"]
[EventDate "2009.??.??"]
[WhiteTeam "Hamburg (GER II)"]
[BlackTeam "Kiew (UKR)"]

1. Nf3 f5 2. d3 Nf6 3. Nbd2 d6 4. e4 e5 5. Be2 g6 6. exf5 Bxf5 7. Nc4 Nc6 8.
Ne3 Bd7 9. d4 e4 10. d5 exf3 11. dxc6 fxe2 12. cxd7+ Qxd7 13. Qxe2 O-O-O 14.
O-O 1/2-1/2

[Event "Kiew (UKR)-Hamburg (GER II)"]
[Site "Hamburg"]
[Date "2009.06.07"]
[Round "6.2"]
[White "Kovalenko, Vladimir"]
[Black "Kevorkov, Artur"]
[Result "0-1"]
[WhiteElo "2162"]
[BlackElo "2240"]
[PlyCount "102"]
[EventDate "2009.??.??"]
[WhiteTeam "Kiew (UKR)"]
[BlackTeam "Hamburg (GER II)"]

1. e4 e5 2. Nf3 Nc6 3. d4 exd4 4. Bc4 d6 5. Nxd4 Nxd4 6. Qxd4 Nf6 7. Nc3 Be7 8.
O-O O-O 9. Bf4 Be6 10. Rad1 Qc8 11. Rfe1 Ng4 12. Bxe6 fxe6 13. Bg3 e5 14. Qc4+
Kh8 15. Nd5 Bd8 16. f3 Nf6 17. Bf2 Qd7 18. Rd3 Qf7 19. Qb3 Ng4 20. Qxb7 Nxf2
21. Kxf2 Rb8 22. Qc6 Rxb2 23. a4 Qh5 24. Kg1 Rb8 25. Red1 Qh4 26. Qd7 Rb2 27.
Rc3 Bg5 28. Rxc7 Rg8 29. Qxd6 Qh5 30. Qe6 Bd8 31. Rc8 Qg5 32. Kh1 Qd2 33. Rg1
Rxc2 34. Rxc2 Qxc2 35. Qxe5 Qxa4 36. Ra1 Qb5 37. Qd4 a5 38. Qa4 Qb2 39. Qa2 Qe5
40. g3 Rf8 41. Kg2 h5 42. Qa3 Rf7 43. Rc1 Kh7 44. Rc8 Rd7 45. Qf8 Rxd5 46. exd5
Qe2+ 47. Kg1 Bb6+ 48. Rc5 Qe3+ 49. Kg2 Bxc5 50. Qf5+ g6 51. Qf7+ Kh6 0-1

[Event "Kiew (UKR)-Hamburg (GER II)"]
[Site "Hamburg"]
[Date "2009.06.07"]
[Round "6.3"]
[White "Jentsch, Dieter"]
[Black "Ovcharov, Taras"]
[Result "0-1"]
[WhiteElo "2175"]
[BlackElo "1987"]
[PlyCount "68"]
[EventDate "2009.??.??"]
[WhiteTeam "Hamburg (GER II)"]
[BlackTeam "Kiew (UKR)"]

1. e4 d5 2. exd5 Nf6 3. d4 Qxd5 4. c4 Qe4+ 5. Ne2 e5 6. Nbc3 Bb4 7. Qa4+ Nc6 8.
d5 Nxd5 9. Bd2 Bxc3 10. Bxc3 Nxc3 11. bxc3 O-O 12. f3 Qe3 13. Qc2 Be6 14. Qe4
Qxe4 15. fxe4 Bxc4 16. Ng3 Bxf1 17. Rxf1 Rad8 18. Rf3 Rd7 19. Nh5 Kh8 20. Rb1
b6 21. Rb5 Rfd8 22. Rd5 f6 23. Rg3 Rf7 24. Rgd3 Rxd5 25. exd5 Rd7 26. Ke2 Ne7
27. c4 Nf5 28. Kf3 Kg8 29. g4 Nd6 30. Rc3 Nb7 31. Ng3 Nc5 32. Ne4 Nxe4 33. Kxe4
Kf7 34. Ra3 a5 {... unleserlich!} 0-1

[Event "Kiew (UKR)-Hamburg (GER II)"]
[Site "Hamburg"]
[Date "2009.06.07"]
[Round "6.4"]
[White "Babii, Petro"]
[Black "Krüger, Karl-Friedrich"]
[Result "0-1"]
[WhiteElo "2124"]
[BlackElo "1900"]
[PlyCount "101"]
[EventDate "2009.??.??"]
[WhiteTeam "Kiew (UKR)"]
[BlackTeam "Hamburg (GER II)"]

1. Nf3 d6 2. d4 Nf6 3. c4 g6 4. Nc3 Bg7 5. e4 c5 6. Be2 cxd4 7. Nxd4 O-O 8. O-O
Nc6 9. Be3 Bd7 10. Qd2 Ng4 11. Nxc6 bxc6 12. Bd4 Nf6 13. Rad1 c5 14. Be3 Bc6
15. Bf3 Nd7 16. Bg5 Ne5 17. Be2 Re8 18. Qc1 Bd7 19. Nd5 Nc6 20. Rd3 Rb8 21. b3
Nd4 22. Re1 a5 23. Bd1 Ne6 24. Bd2 Nd4 25. Bg5 Ne6 26. Bh4 h6 27. f4 Nd4 28.
Kh1 f6 29. Bf2 e6 30. Nc3 e5 31. Nd5 Be6 32. Nc3 f5 33. Qe3 Qf6 34. Qd2 Rf8 35.
Bxd4 cxd4 36. Nd5 Bxd5 37. cxd5 fxe4 38. Rxe4 Qf7 39. Bf3 Qc7 40. Bg4 Kh8 41.
g3 Rf6 42. h4 h5 43. Be6 Bh6 44. Rf3 Rb5 45. Qe2 Rc5 46. Rf2 Rc1+ 47. Kg2 Qc3
48. Qd2 Qa1 49. Kh3 Rh1+ 50. Rh2 exf4 51. g4 0-1

[Event "Moscow (RUS)-Prague (CZE)"]
[Site "Hamburg"]
[Date "2009.06.07"]
[Round "6.1"]
[White "Cisar, Jiri"]
[Black "Varezhkin, Viktor"]
[Result "0-1"]
[WhiteElo "1900"]
[BlackElo "2188"]
[PlyCount "40"]
[EventDate "2009.??.??"]
[WhiteTeam "Prag (CZE)"]
[BlackTeam "Moskau (RUS)"]

1. Nf3 d5 2. c4 c6 3. b3 Bg4 4. Bb2 Nd7 5. Ne5 Nxe5 6. Bxe5 f6 7. Bb2 d4 8. h3
Bf5 9. d3 e5 10. g4 Bg6 11. Bg2 h5 12. Nd2 hxg4 13. hxg4 Rxh1+ 14. Bxh1 Nh6 15.
Bf3 Qd7 16. e4 dxe3 17. Ne4 exf2+ 18. Kxf2 O-O-O 19. Ke3 Bxe4 20. dxe4 Qe6 0-1

[Event "Moscow (RUS)-Prague (CZE)"]
[Site "Hamburg"]
[Date "2009.06.07"]
[Round "6.2"]
[White "Parfenov, Vjacheslav"]
[Black "Schmid, Jaroslav"]
[Result "1/2-1/2"]
[WhiteElo "2228"]
[BlackElo "2056"]
[PlyCount "34"]
[EventDate "2009.??.??"]
[WhiteTeam "Moskau (RUS)"]
[BlackTeam "Prag (CZE)"]

1. e4 c5 2. c3 Nf6 3. e5 Nd5 4. d4 cxd4 5. cxd4 Nc6 6. Nf3 d6 7. Bc4 Nb6 8. Bb5
dxe5 9. Nxe5 Bd7 10. Nxd7 Qxd7 11. Nc3 e6 12. Be3 a6 13. Bxc6 Qxc6 14. O-O Rd8
15. Qg4 Nd5 16. Rac1 Nf6 17. Qg3 Bd6 1/2-1/2

[Event "Moscow (RUS)-Prague (CZE)"]
[Site "Hamburg"]
[Date "2009.06.07"]
[Round "6.3"]
[White "Petran, Tomas"]
[Black "Parfenov, Pavel"]
[Result "0-1"]
[WhiteElo "1900"]
[BlackElo "2248"]
[PlyCount "116"]
[EventDate "2009.??.??"]
[WhiteTeam "Prag (CZE)"]
[BlackTeam "Moskau (RUS)"]

1. c4 c5 2. Nf3 Nf6 3. Nc3 e6 4. e3 Be7 5. d4 cxd4 6. exd4 d5 7. b3 Nc6 8. Be2
Bb4 9. Bb2 Qa5 10. Qc2 Ne4 11. Rc1 Qxa2 12. O-O Bxc3 13. Bxc3 Qxc2 14. Rxc2
Nxc3 15. Rxc3 dxc4 16. bxc4 Ne7 17. Ng5 O-O 18. Bf3 Rd8 19. Rd1 Rb8 20. d5 h6
21. d6 Nf5 22. Ne4 e5 23. Ra3 a6 24. c5 Nd4 25. Re3 Bf5 26. Nc3 b6 27. Rxe5
bxc5 28. Rxc5 Rxd6 29. Bd5 Ne6 30. Ra5 Bc2 31. Rd2 Bg6 32. f3 Kf8 33. Ne4 Bxe4
34. fxe4 Nc7 35. Rc2 Rb5 36. Rxc7 Rxa5 37. Rxf7+ Kg8 38. Rf5+ Kh8 39. h3 Ra1+
40. Kh2 Rf6 41. Re5 Rf8 42. Re7 Rd8 43. h4 Rf1 44. Ra7 Rf6 45. Kh3 Rfd6 46. Kg4
g6 47. g3 R8d7 48. Ra8+ Kg7 49. Rg8+ Kh7 50. Ra8 Re7 51. Kh3 h5 52. Kg2 Rf6 53.
Kh3 Rb6 54. Kg2 Rf6 55. Kh3 Rc7 56. Kg2 Rc2+ 57. Kh3 Rff2 58. g4 Rc3# 0-1

[Event "Moscow (RUS)-Prague (CZE)"]
[Site "Hamburg"]
[Date "2009.06.07"]
[Round "6.4"]
[White "Ivanov, Mikhail"]
[Black "Ryvova, Anna"]
[Result "1/2-1/2"]
[WhiteElo "1900"]
[BlackElo "1994"]
[PlyCount "93"]
[EventDate "2009.??.??"]
[WhiteTeam "Moskau (RUS)"]
[BlackTeam "Prag (CZE)"]

1. d4 d5 2. c4 c6 3. Nc3 Nf6 4. Nf3 e6 5. Bg5 Be7 6. e3 h6 7. Bh4 Nbd7 8. cxd5
cxd5 9. Bd3 O-O 10. O-O b6 11. Rc1 Bb7 12. Qb3 g5 13. Bg3 Nh5 14. Rc2 Nxg3 15.
hxg3 a6 16. a4 Rc8 17. Rfc1 Bd6 18. e4 dxe4 19. Bxe4 Bxe4 20. Nxe4 Rxc2 21.
Rxc2 Qb8 22. Rc6 Be7 23. d5 Nc5 24. Nxc5 bxc5 25. Rb6 c4 26. Qe3 Qc8 27. Qe2
Kg7 28. Ne5 exd5 29. Ng4 Qd8 30. Rxh6 f6 31. Qc2 f5 32. Rxa6 d4 33. Nh6 d3 34.
Qc3+ Kh7 35. Qd2 Rf6 36. Rxf6 Bxf6 37. Nxf5 Qe8 38. Ne3 Qxa4 39. Nd5 Qa1+ 40.
Kh2 Qxb2 41. Qd1 Kg6 42. Qg4 Qd4 43. Nf4+ Kf7 44. Qe6+ Kg7 45. Nh5+ Kg6 46.
Nxf6 Qxf6 47. Qxc4 1/2-1/2

[Event "Hlohovec (SVK)-Baku (AZE)"]
[Site "Hamburg"]
[Date "2009.06.07"]
[Round "6.1"]
[White "Slepsov, Aleksandr"]
[Black "Frajka, Peter"]
[Result "1-0"]
[WhiteElo "1900"]
[BlackElo "1866"]
[PlyCount "71"]
[EventDate "2009.??.??"]
[WhiteTeam "Baku (AZE)"]
[BlackTeam "Hlohovec (SVK)"]

1. d4 Nf6 2. Nf3 g6 3. c4 d5 4. cxd5 Qxd5 5. Nc3 Qd8 6. e4 c6 7. Bc4 Bg7 8. Bg5
h6 9. Be3 O-O 10. e5 Nd5 11. Bxd5 cxd5 12. Qb3 e6 13. O-O Nc6 14. Nd2 Bd7 15.
f4 Re8 16. Rf3 Rc8 17. Rh3 Na5 18. Qd1 f5 19. Bf2 Nc4 20. Nxc4 Rxc4 21. g4 Rf8
22. gxf5 Rxf5 23. Be3 Kh7 24. Qd2 Qc8 25. Rf1 Qf8 26. Rf2 Rc7 27. Rg2 Be8 28.
Qd3 Rcf7 29. Ne2 Rg5 30. Rxg5 Rc7 31. Rg2 a6 32. Nc3 Qb4 33. a3 Qb3 34. Qd2 h5
35. Qc2 Qb6 36. Rxh5+ {ÜZ / Time} 1-0

[Event "Hlohovec (SVK)-Baku (AZE)"]
[Site "Hamburg"]
[Date "2009.06.07"]
[Round "6.2"]
[White "Baloha, Vladimir"]
[Black "Yusifov, Fazil"]
[Result "1/2-1/2"]
[WhiteElo "1900"]
[BlackElo "1900"]
[PlyCount "36"]
[EventDate "2009.??.??"]
[WhiteTeam "Hlohovec (SVK)"]
[BlackTeam "Baku (AZE)"]

1. e4 e5 2. b3 Nf6 3. d3 Nc6 4. Nf3 Bc5 5. h3 O-O 6. Bb2 Re8 7. Nc3 d6 8. Nb5
Qd7 9. Be2 a6 10. Nc3 b5 11. O-O Bb7 12. Nh2 h6 13. Ng4 Nh7 14. Nd5 Ne7 15. b4
Ba7 16. Nxe7+ Qxe7 17. a3 h5 18. Ne3 g6 1/2-1/2

[Event "Hlohovec (SVK)-Baku (AZE)"]
[Site "Hamburg"]
[Date "2009.06.07"]
[Round "6.3"]
[White "Zhigannurov, Ramiz"]
[Black "Sturc, Miloslav"]
[Result "1/2-1/2"]
[WhiteElo "1900"]
[BlackElo "1900"]
[PlyCount "115"]
[EventDate "2009.??.??"]
[WhiteTeam "Baku (AZE)"]
[BlackTeam "Hlohovec (SVK)"]

1. d4 d5 2. c4 c6 3. e3 Nf6 4. Qc2 g6 5. g3 Bf5 6. Bd3 Bxd3 7. Qxd3 dxc4 8.
Qxc4 Qd5 9. Qxd5 Nxd5 10. a3 Bg7 11. Nc3 Nxc3 12. bxc3 c5 13. a4 Nc6 14. Ne2
cxd4 15. exd4 Rc8 16. O-O O-O 17. a5 a6 18. Be3 Na7 19. Rfc1 Rfd8 20. c4 Nc6
21. Rd1 e5 22. d5 Nb4 23. Rac1 e4 24. Bd4 Bxd4 25. Rxd4 Nd3 26. Rb1 Nc5 27. g4
Kg7 28. Ng3 Re8 29. Kf1 Re5 30. Ke2 f5 31. gxf5 gxf5 32. Rb6 Rc7 33. Nh5+ Kf7
34. Ke3 Kf8 35. Nf4 Ke8 36. Ne2 Rg7 37. Rd1 Rg2 38. Rh1 Re7 39. Nf4 Rgg7 40.
Kd4 Rg4 41. Nh5 Nd7 42. Re6 Kf7 43. Rxe7+ Kxe7 44. Ke3 Nc5 45. h3 Rh4 46. Nf4
Nb3 47. Rb1 Nxa5 48. Rb4 Kd6 49. Ra4 b6 50. f3 Ke5 51. c5 bxc5 52. Nd3+ exd3
53. Rxh4 Kxd5 54. Kxd3 Nb3 55. Rxh7 a5 56. Ra7 Nd4 57. f4 c4+ 58. Ke3 1/2-1/2

[Event "Hlohovec (SVK)-Baku (AZE)"]
[Site "Hamburg"]
[Date "2009.06.07"]
[Round "6.4"]
[White "Jaros, Jozef"]
[Black "Afandiyev, Ahad"]
[Result "1-0"]
[WhiteElo "1900"]
[BlackElo "1900"]
[PlyCount "75"]
[EventDate "2009.??.??"]
[WhiteTeam "Hlohovec (SVK)"]
[BlackTeam "Baku (AZE)"]

1. d4 Nf6 2. Nf3 g6 3. c4 Bg7 4. Nc3 O-O 5. e4 d6 6. Be2 e5 7. O-O Nbd7 8. dxe5
Nxe5 9. Nxe5 dxe5 10. Qxd8 Rxd8 11. Bg5 Rd4 12. f3 c6 13. Rfd1 Rxd1+ 14. Rxd1
Be6 15. Rd2 Nd7 16. b3 Bf8 17. Kf2 Bc5+ 18. Be3 Bb4 19. Rc2 a5 20. Na4 Rb8 21.
c5 f5 22. Bc4 Bxc4 23. Rxc4 f4 24. Bc1 b5 25. cxb6 Nxb6 26. Rxc6 Nxa4 27. bxa4
Rd8 28. Ke2 Rd4 29. a3 Bd6 30. Bb2 Rxa4 31. Rxd6 Rc4 32. Bxe5 Rc2+ 33. Rd2
Rxd2+ 34. Kxd2 g5 35. a4 Kf7 36. Bc7 h5 37. Bxa5 g4 38. Bc7 1-0

[Event "Vilnius (LTU)-London (ENG)"]
[Site "Hamburg"]
[Date "2009.06.07"]
[Round "6.1"]
[White "Kreuzer, Christopher"]
[Black "Patackas, Jonas"]
[Result "1-0"]
[WhiteElo "1928"]
[BlackElo "2042"]
[PlyCount "21"]
[EventDate "2009.??.??"]
[WhiteTeam "London (ENG)"]
[BlackTeam "Vilnius (LTU)"]

1. e4 e5 2. Nf3 Nc6 3. d4 exd4 4. Bc4 Nf6 5. O-O Be7 6. e5 Ne4 7. Bd5 Ng5 8.
Nxg5 Bxg5 9. Qh5 Nxe5 10. Bxg5 g6 11. Qh4 1-0

[Event "Vilnius (LTU)-London (ENG)"]
[Site "Hamburg"]
[Date "2009.06.07"]
[Round "6.2"]
[White "Petrauskas, Gediminas"]
[Black "Macleod, Alasdair"]
[Result "1-0"]
[WhiteElo "1900"]
[BlackElo "2031"]
[PlyCount "75"]
[EventDate "2009.??.??"]
[WhiteTeam "Vilnius (LTU)"]
[BlackTeam "London (ENG)"]

1. Nf3 Nf6 2. g3 g6 3. Bg2 Bg7 4. O-O O-O 5. d3 d6 6. c4 e5 7. Nc3 c6 8. Bg5 h6
9. Bxf6 Bxf6 10. Qc2 Na6 11. a3 Nc7 12. Rac1 Bg4 13. h3 Bxf3 14. Bxf3 Bg7 15.
Bg2 Ne6 16. e3 Rc8 17. Ne2 Qc7 18. b4 Kh8 19. a4 f5 20. f4 exf4 21. Nxf4 Nxf4
22. gxf4 Rce8 23. Rce1 Rxe3 24. Rxe3 Bd4 25. Qd2 Re8 26. Rfe1 Qe7 27. Kf2 Qh4+
28. Kf3 Qh5+ 29. Kg3 Rxe3+ 30. Rxe3 g5 31. Kh2 gxf4 32. Qe2 Qxe2 33. Rxe2 Be3
34. b5 cxb5 35. axb5 Kg7 36. Bxb7 Kf6 37. Kg2 Ke5 38. Bc8 1-0